000 00200 a2200097 4500
001 26766
100 _aAsimov, I
245 _aCollapsing universe
260 _a
_bHutchinson
_c
090 _c18009
_d18009
942 _aNUST-CAE
_cM
_c8902
999 _c261839
_d261839